000 00314nam a22001337a 4500
008 170802b xxu||||| |||| 00| 0 eng d
020 _a0070155577
041 _aeng
080 _a004
100 _a32
101 _aSHK
245 _aKNOWLEDGE-BASED SYSTEMS IN ARTIFICIAL INTELLIGENCE
_cDAVIS,R
942 _2udc
_cBK
999 _c22529
_d22529